Movie Tile Select Quiz #2 - Statistics

General Stats
  • This quiz has been taken 19 times
  • The average score is 18 of 27
Answer Stats
Question Tile Select % Correct
Select all "Arrow" characters Han Solo No
93%
Select all "Arrow" characters Mariah Carey No
93%
Select all Grey's Anatomy Characters Anakin No
87%
Select all Grey's Anatomy Characters Obi-Wan No
87%
Select all "Lucifer" Characters Oliver Queen No
87%
Select all "Lucifer" Characters J. Jonah Jameson No
80%
Select all Grey's Anatomy Characters Meredith Yes
80%
Select all "Arrow" characters Oliver Yes
80%
Select all Grey's Anatomy Characters Alex Yes
73%
Select all "Lucifer" Characters Barry Allen No
73%
Select all "Arrow" characters Diggle Yes
73%
Select all "Lucifer" Characters Ella Yes
67%
Select all "Lucifer" Characters Leia Organa No
67%
Select all Grey's Anatomy Characters Owen Yes
67%
Select all "Arrow" characters Thea Yes
67%
Select all Grey's Anatomy Characters Amelia Yes
60%
Select all "Lucifer" Characters Amenadiel Yes
60%
Select all Grey's Anatomy Characters Bellamy No
60%
Select all Grey's Anatomy Characters Jackson Yes
60%
Select all "Arrow" characters Lone Starr No
60%
Select all "Lucifer" Characters Madi Griffin No
60%
Select all Grey's Anatomy Characters Mads No
60%
Select all "Arrow" characters The Huntress Yes
53%
Select all "Arrow" characters Bellamy Blake No
47%
Select all "Lucifer" Characters Dromos Yes
47%
Select all "Arrow" characters Arsenal Yes
40%
Select all "Lucifer" Characters Maze Yes
40%
No matching quizzes found
Score Distribution
Percent of People with Each Score
Percentile by Number Answered
Your Score History
You have not taken this quiz